00265 a2200121 4500001000700000020001500007040003500022100002700057240002400084245001900108300000700127362000900134156900 a8572080791 cEscola São Tomás de Aquino aTELLES, Carlos Queiroz10aO lagarto azullpor10aO lagarto azul a160 a1992